| 000 | 00596nam a22001817a 4500 | ||
|---|---|---|---|
| 003 | OSt | ||
| 005 | 20140310182949.0 | ||
| 008 | 130206t xxu||||| |||| 00| 0 eng d | ||
| 020 | _a9712324648 | ||
| 050 |
_aLB 1051 _b.G54 1998 |
||
| 245 |
_aEducational psychology : _ba textbook for college students in psychology and teacher education / _cAdelaida C. Gines ; coordinator-author, Priscila B. Dizon ... [et al.]. |
||
| 260 |
_aManila : _bRex Book Store, _c1998. |
||
| 300 |
_a361 p. : _c23 cm. |
||
| 521 | _aEDU | ||
| 650 | _aEducational psychology | ||
| 942 |
_2lcc _cBK _kLOC |
||
| 999 |
_c17870 _d17870 |
||